Statystyki dla Państwa, które pokonały Polskę

Kliknij tutaj aby rozwiązać quiz!

Ogólne statystyki

  • Ten quiz został rozwiązany 203 razy
    (145 od ostatniego zresetowania)
  • Średni wynik to 5 z 15

Statystyki odpowiedzi

RangaKategoriaPaństwa% Poprawnych
3Bardziej zaludnione państwo słowiańskieUkraina | Rosja
96%
9Kraj, którego flaga zawiera najwięcej bieliCypr | Japonia | Korea Południowa | Jordania |
Izrael | Finlandia | Urugwaj | Singapur
52%
3Ludniejszy kraj europejski,
nie używającego euro jako oficjalnej waluty
Rosja | Wielka Brytania | Ukraina
42%
4Państwo europejskie, którego stolica
znajduje się bliżej końca alfabetu alfabetycznie
Chorwacja | Litwa | Watykan
40%
3Państwo o krótszej granicy z RosjąNorwegia | Korea Północna
37%
2Większy odbiorca czeskiego eksportuNiemcy
36%
2Bardziej zaludniony kraj, którego
nazwa zaczyna się na literę P
Pakistan
36%
3Większa liczba ofiar śmiertelnych
podczas II wojny światowej wśród cywilów
Chiny | Związek Radziecki
35%
3Bardziej wysunięty na zachód kraj
Układu Warszawskiego
NRD | Czechosłowacja
30%
3Niższy wskaźnik wzrostu liczby ludności
(z wyłączeniem krajów o populacji <20 mln)
Ukraina | Japonia
17%
2Większy producent żytaNiemcy
16%
6Wyższy wskaźnik dezurbanizacji (2015-2020)Łotwa | Samoa | Ukraina | Litwa | Andora
14%
5Niższy współczynnik dzietnościSingapur | Tajwan | Korea Południowa |
Bośnia i Hercegowina
14%
3Kraj z większymobszarze
zurbanizowanym rozpoczynającym się na literę W
Stany Zjednoczone | Chiny
8%
2Częstszy kraj pochodzenia niemieckich
mieszkańców urodzonych za granicą
Turcja
8%

Rozkład punktacji

Percentyl według liczby udzielonych odpowiedzi

Procent ludzi z każdym wynikiem

Twoja historia wyników

Nie rozwiązałeś tego quizu od ostatniego zresetowania